Randomized response : theory and techniques (Record no. 49992)

MARC details
000 -LEADER
fixed length control field 00739nam a2200241Ia 4500
008 - FIXED-LENGTH DATA ELEMENTS--GENERAL INFORMATION
fixed length control field 191130s1988##################000#0#eng##
020 ## - INTERNATIONAL STANDARD BOOK NUMBER
International Standard Book Number 9780824777852
022 ## - INTERNATIONAL STANDARD SERIAL NUMBER
International Standard Serial Number 87017619
040 ## - CATALOGING SOURCE
Original cataloging agency ACL
Transcribing agency ACL
082 ## - DEWEY DECIMAL CLASSIFICATION NUMBER
Classification number 301.0723 CHA
100 ## - MAIN ENTRY--PERSONAL NAME
Personal name Chaudhuri, Arijit
245 ## - TITLE STATEMENT
Title Randomized response : theory and techniques
Statement of responsibility, etc. Arijit Chaudhuri, Rahul Mukerjee
260 ## - PUBLICATION, DISTRIBUTION, ETC.
Place of publication, distribution, etc. New York
Name of publisher, distributor, etc. Marcel Dekker
Date of publication, distribution, etc. 1988
300 ## - PHYSICAL DESCRIPTION
Extent xvi, 162 p. : ill. ; 24 cm
500 ## - GENERAL NOTE
General note Includes bibliographical references and index
650 ## - SUBJECT ADDED ENTRY--TOPICAL TERM
Topical term or geographic name entry element Sampling (Statistics)
Topical term or geographic name entry element Social surveys
Topical term or geographic name entry element Social surveys - Response rate
700 ## - ADDED ENTRY--PERSONAL NAME
Personal name Mukerjee, Rahul
990 ## - EQUIVALENCES OR CROSS-REFERENCES [LOCAL, CANADA]
Link information for 9XX fields fb7497e7ac10000c1115ffefcb13cb3b
991 ## -
-- 257049
Holdings
Withdrawn status Lost status Materials specified (bound volume or other part) Damaged status Not for loan Home library Current library Shelving location Date acquired Total Checkouts Full call number Barcode Date last seen Price effective from Koha item type
    hbk     Anna Centenary Library Anna Centenary Library 3RD FLOOR, B WING 09.10.2020   301.0723 CHA 171163 09.10.2020 09.10.2020 English Books

Find us on the map